|
|
|
|
| LEADER |
00000nas a2200000 i 4500 |
| 001 |
ssj0000608174 |
| 003 |
WaSeSS |
| 005 |
20200512172242.0 |
| 006 |
m d |
| 007 |
cr n |
| 008 |
111212d20102016nyuuu p s 0 a0eng c |
| 010 |
|
|
|a 2012223219
|
| 016 |
7 |
|
|a 101576388
|2 DNLM
|
| 022 |
|
|
|a 2090-1399
|l 2090-1380
|y 2090-1380
|
| 035 |
|
|
|a (WaSeSS)ssj0000608174
|
| 040 |
|
|
|a FQM
|b eng
|e pn
|c FQM
|d UV0
|d AU@
|d OCLCQ
|d CLU
|d NLM
|d CUS
|d OCLCQ
|d CUS
|d EUW
|d OCLCQ
|d DLC
|d OCLCF
|d OCLCO
|d OCLCA
|d NLM
|d OCLCA
|d WaSeSS
|
| 042 |
|
|
|a pcc
|
| 050 |
0 |
0 |
|a RC150
|
| 050 |
1 |
4 |
|a RC150
|
| 060 |
1 |
0 |
|a W1
|
| 210 |
0 |
|
|a Influenza res treat
|b (Online)
|
| 222 |
|
0 |
|a Influenza research and treatment
|b (Online)
|
| 245 |
0 |
0 |
|a Influenza research and treatment
|h [electronic resource].
|
| 246 |
3 |
|
|a IRT
|
| 260 |
|
|
|a New York, NY :
|b Hindawi Publishing Corporation,
|c [2010]-[2016]
|
| 362 |
1 |
|
|a Began with v. 2010 (2010); ceased with Volume 2016 (2016)
|
| 506 |
|
|
|a License restrictions may limit access.
|
| 515 |
|
|
|a Articles added as received to current annual volume.
|
| 588 |
|
|
|a Description based on: V. 2010 (2010); title from PDF caption (publisher's Web site, viewed December 9, 2011).
|
| 588 |
|
|
|a Latest issue consulted: V. 2015 (2015) (publisher's Web site, viewed March 28, 2016).
|
| 650 |
|
0 |
|a Influenza
|v Periodicals.
|
| 650 |
1 |
2 |
|a Influenza, Human.
|
| 650 |
2 |
2 |
|a Virus Diseases.
|
| 650 |
2 |
2 |
|a Viruses.
|
| 650 |
|
7 |
|a Influenza.
|2 fast
|0 (OCoLC)fst00972493
|
| 655 |
|
0 |
|a Electronic journals.
|
| 776 |
0 |
8 |
|i Print version:
|t Influenza research and treatment
|x 2090-1380
|
| 850 |
|
|
|a DLC
|
| 856 |
4 |
0 |
|z Full text available from Research Library: 01/01/2014 to 01/31/2016
|u https://search.proquest.com/publication/2037461
|